| 000 | 00877nam a22002417a 4500 | ||
|---|---|---|---|
| 003 | 0 | ||
| 005 | 20250204124826.0 | ||
| 008 | 250204b xxu||||| |||| 00| 0 eng d | ||
| 050 |
_aHF 5415.1255 _b.R37 2023 |
||
| 100 | _aRaso, Sylvia Gillian R. | ||
| 245 |
_aCreating the digital brand guideline for gain inc. _cSylvia Gillian R. Raso and three others. |
||
| 260 |
_aLas Pinas City _bSouthville International School and Colleges _c2023 |
||
| 300 |
_avi, 98 pages : _bcolored pictures. _c28cm. |
||
| 500 | _aBachelor of Arts in Multimedia Arts. | ||
| 504 | _aIncludes bibliographical references and appendices. | ||
| 650 | _aBranding (Marketing). | ||
| 650 | _aOnline Brand Management. | ||
| 650 | _aDigital Marketing Strategies. | ||
| 700 | _aReyes, Andrea Mika M. | ||
| 700 | _aTabiosas, Carl Jacob S. | ||
| 700 | _aUtanes, Patricia Angelika A. | ||
| 942 |
_2lcc _cTH |
||
| 999 |
_c367111 _d367111 |
||